[Event "Bremen Silvester op-A"]
[Site "Bremen"]
[Date "2022.12.28"]
[Round "4"]
[White "Gieseler, Felix"]
[Black "Hochhuth, Arnd"]
[Result "1/2-1/2"]
[WhiteElo "1937"]
[BlackElo "1865"]
[PlyCount "86"]
[EventDate "2022.12.27"]
[EventType "swiss"]
[EventRounds "7"]
[EventCountry "GER"]
[SourceTitle "CBM 211 Extra"]
[Source "ChessBase"]
[SourceDate "2023.01.31"]
[SourceVersion "1"]
[SourceVersionDate "2023.01.31"]
[SourceQuality "1"]

1. e4 c5 2. Nf3 Nc6 3. Bb5 e5 4. d3 d6 5. Be3 Nge7 6. c3 a6 7. Bxc6+ Nxc6 8. d4 Bg4 9. dxc5 dxc5 10. Qxd8+ Rxd8 11. Nbd2 f6 12. 0-0 Be7 13. Nb3 b6 14. Rfe1 Kf7 15. Nfd2 Be6 16. f3 Rd7 17. g4 c4 18. Nc1 b5 19. a3 Na5 20. Nf1 Nb7 21. Kg2 Nc5 22. Bxc5 Bxc5 23. Ne2 h5 24. h3 Ke7 25. Red1 Rb7 26. Nfg3 g6 27. gxh5 gxh5 28. h4 a5 29. Nf5+ Bxf5 30. exf5 b4 31. Rd5 Rc8 32. axb4 axb4 33. Ra2 bxc3 34. bxc3 Be3 35. Ng3 Rb3 36. Ne4 Rg8+ 37. Kh2 Rgb8 38. Kh3 Rb1 39. Ra6 Rh1+ 40. Kg2 Rg1+ 41. Kh3 Rh1+ 42. Kg2 Rg1+ 43. Kh3 Rh1+ 1/2-1/2

[Event "Bremen Silvester op"]
[Site "Bremen"]
[Date "2019.12.27"]
[Round "2"]
[White "Hochhuth, Arnd"]
[Black "Wielebinski, Paul Martin"]
[Result "0-1"]
[WhiteElo "1904"]
[BlackElo "2069"]
[PlyCount "62"]
[EventDate "2019.12.27"]
[EventType "swiss"]
[EventRounds "7"]
[EventCountry "GER"]
[SourceTitle "CBM 194 Extra"]
[Source "ChessBase"]
[SourceDate "2020.03.31"]
[SourceVersion "1"]
[SourceVersionDate "2020.03.31"]
[SourceQuality "1"]

1. c4 c5 2. Nc3 Nc6 3. g3 g6 4. Bg2 Bg7 5. Nf3 Nf6 6. 0-0 0-0 7. d3 Rb8 8. Rb1 a6 9. Bg5 d6 10. Qd2 Re8 11. a3 b5 12. cxb5 axb5 13. b4 cxb4 14. axb4 d5 15. Rfc1 Qd6 16. Ne1 Nxb4 17. d4 Nh5 18. e4 e5 19. dxe5 Bxe5 20. Nxd5 Nxd5 21. exd5 Bf5 22. Rb3 b4 23. Rc6 Qf8 24. Nd3 Bc3 25. Qd1 Qg7 26. Bf3 Qd4 27. Be2 Qxd5 28. Rc5 Qe6 29. Bxh5 Bxd3 30. Rbxc3 Qe1+ 31. Kg2 Bf1+ 0-1

[Event "Bremen-ch"]
[Site "Bremen"]
[Date "2019.04.19"]
[Round "8.9"]
[White "Hochhuth, Arnd"]
[Black "Klemm, Robert"]
[Result "1-0"]
[WhiteElo "1793"]
[BlackElo "1688"]
[PlyCount "57"]
[EventDate "2019.04.13"]
[EventType "swiss"]
[EventRounds "9"]
[EventCountry "GER"]
[SourceTitle "EXT 2020"]
[Source "ChessBase"]
[SourceDate "2019.10.17"]
[SourceVersion "1"]
[SourceVersionDate "2019.10.17"]
[SourceQuality "1"]

1. e4 e6 2. d3 c5 3. Nf3 Nc6 4. g3 d5 5. Nbd2 Bd6 6. Bg2 Bd7 7. 0-0 Qc7 8. c3 Nge7 9. d4 f6 10. Re1 0-0-0 11. a3 g5 12. dxc5 Bxc5 13. exd5 exd5 14. Nb3 Bd6 15. Nbd4 Ne5 16. Nxe5 fxe5 17. Nc2 g4 18. Ne3 d4 19. cxd4 exd4 20. Qxd4 Bc5 21. Qe4 h5 22. b4 Bd6 23. Bb2 Bc6 24. Qe6+ Kb8 25. Bxc6 Nxc6 26. Bxh8 Rxh8 27. Nd5 Qd8 28. Rad1 Qf8 29. Nf6 1-0

[Event "Bremen-ch"]
[Site "Bremen"]
[Date "2019.04.18"]
[Round "7.9"]
[White "Krueger, Joern"]
[Black "Hochhuth, Arnd"]
[Result "1-0"]
[WhiteElo "1928"]
[BlackElo "1793"]
[PlyCount "57"]
[EventDate "2019.04.13"]
[EventType "swiss"]
[EventRounds "9"]
[EventCountry "GER"]
[SourceTitle "EXT 2020"]
[Source "ChessBase"]
[SourceDate "2019.10.17"]
[SourceVersion "1"]
[SourceVersionDate "2019.10.17"]
[SourceQuality "1"]

1. e4 c6 2. Nc3 d5 3. Nf3 dxe4 4. Nxe4 Nf6 5. Ng3 e6 6. Bc4 Be7 7. Qe2 0-0 8. 0-0 b5 9. Bb3 c5 10. d3 Bb7 11. a4 a6 12. Re1 Nc6 13. c3 Qd6 14. Ng5 Rad8 15. Bc2 Rfe8 16. N3e4 Nxe4 17. Qxe4 f5 18. Qxe6+ Qxe6 19. Rxe6 Bxg5 20. Rxe8+ Rxe8 21. Bxg5 Re2 22. Rc1 bxa4 23. Be3 f4 24. Bxf4 Re8 25. Bxa4 Rd8 26. Bc2 a5 27. Bb3+ Kf8 28. Bc4 Nb8 29. Bc7 1-0

[Event "Bremen-ch"]
[Site "Bremen"]
[Date "2019.04.13"]
[Round "1.14"]
[White "Hochhuth, Arnd"]
[Black "Rose, Helmut"]
[Result "1-0"]
[WhiteElo "1793"]
[BlackElo "1441"]
[PlyCount "57"]
[EventDate "2019.04.13"]
[EventType "swiss"]
[EventRounds "9"]
[EventCountry "GER"]
[SourceTitle "EXT 2020"]
[Source "ChessBase"]
[SourceDate "2019.10.17"]
[SourceVersion "1"]
[SourceVersionDate "2019.10.17"]
[SourceQuality "1"]

1. c4 e6 2. g3 d5 3. Bg2 Nf6 4. Nf3 c5 5. 0-0 Nc6 6. d3 Be7 7. Nc3 d4 8. Na4 0-0 9. a3 Bd7 10. Rb1 Qc7 11. e3 e5 12. exd4 cxd4 13. b4 a6 14. Re1 b5 15. Nb2 Bg4 16. h3 Bh5 17. Qb3 Nd7 18. Bd2 Rae8 19. a4 bxa4 20. Qxa4 Rb8 21. c5 Qc8 22. Nc4 f6 23. Nh4 Na7 24. Nf5 Qe8 25. Qxa6 Nb5 26. c6 Nc7 27. Qa7 Nc5 28. bxc5 Nb5 29. Qxe7 1-0

[Event "Bremen Silvester op"]
[Site "Bremen"]
[Date "2018.12.27"]
[Round "2"]
[White "Weinitschke, Harald"]
[Black "Hochhuth, Arnd"]
[Result "0-1"]
[WhiteElo "1576"]
[BlackElo "1943"]
[PlyCount "96"]
[EventDate "2018.12.27"]
[EventType "swiss"]
[EventRounds "7"]
[EventCountry "GER"]
[SourceTitle "CBM 188 Extra"]
[Source "ChessBase"]
[SourceDate "2019.02.28"]
[SourceVersion "1"]
[SourceVersionDate "2019.02.28"]
[SourceQuality "1"]

1. d4 Nf6 2. c4 g6 3. Nf3 Bg7 4. Nc3 0-0 5. e3 d6 6. Be2 c5 7. 0-0 Bf5 8. b3 Nc6 9. Nh4 Bd7 10. Bb2 cxd4 11. exd4 Qb6 12. Nf3 Rfd8 13. Na4 Qc7 14. d5 Na5 15. Nc3 a6 16. Rc1 Rac8 17. Nd4 e5 18. dxe6 fxe6 19. Re1 Nc6 20. Nxc6 Bxc6 21. Bf3 Qf7 22. Bxc6 bxc6 23. Qe2 e5 24. Ne4 Nxe4 25. Qxe4 Rf8 26. f3 Qa7+ 27. Qe3 Qxe3+ 28. Rxe3 Bh6 29. Rd3 Bxc1 30. Bxc1 d5 31. Bh6 Rfd8 32. Bg5 Rd7 33. Bf6 Re8 34. g4 e4 35. fxe4 Rxe4 36. g5 d4 37. Kf2 h6 38. Kf3 Rh4 39. Kg3 hxg5 40. Bxg5 Re4 41. Kf3 Re5 42. h4 Rf7+ 43. Bf4 c5 44. Kg4 Re4 45. Rf3 d3 46. Kg3 Rfxf4 47. Rxf4 Rxf4 48. Kxf4 d2 0-1

[Event "Bremen-ch op"]
[Site "Bremen"]
[Date "2016.03.26"]
[Round "9"]
[White "Pautz, Peter"]
[Black "Hochhuth, Arnd"]
[Result "1/2-1/2"]
[WhiteElo "2066"]
[BlackElo "1882"]
[PlyCount "74"]
[EventDate "2016.03.19"]
[EventType "swiss"]
[EventRounds "9"]
[EventCountry "GER"]
[SourceTitle "EXT 2018"]
[Source "ChessBase"]
[SourceDate "2017.10.13"]
[SourceVersion "1"]
[SourceVersionDate "2017.10.13"]
[SourceQuality "1"]

1. d4 Nf6 2. Nf3 g6 3. Bg5 c5 4. c3 Qb6 5. Qc2 d5 6. dxc5 Qxc5 7. Bxf6 exf6 8. Nbd2 Bf5 9. Qc1 Bh6 10. g3 Nc6 11. Bg2 0-0 12. 0-0 Rfe8 13. e3 Ne5 14. Nb3 Qc4 15. Nxe5 fxe5 16. Qd2 Rad8 17. Rfe1 d4 18. cxd4 exd4 19. Qa5 dxe3 20. fxe3 b6 21. Qc3 Qxc3 22. bxc3 Rxe3 23. Rxe3 Bxe3+ 24. Kh1 Rc8 25. Nd4 Bd3 26. Nc6 Rc7 27. Re1 Bc5 28. Bd5 Bd6 29. Rd1 Bf5 30. c4 Bc5 31. Re1 Kg7 32. Kg2 h5 33. h3 Kf6 34. Rf1 Kg7 35. Re1 Kf6 36. Rf1 Kg7 37. Re1 Kf6 1/2-1/2

[Event "Bremen-ch op"]
[Site "Bremen"]
[Date "2016.03.24"]
[Round "7"]
[White "Issing, Peter"]
[Black "Hochhuth, Arnd"]
[Result "0-1"]
[WhiteElo "2199"]
[BlackElo "1882"]
[PlyCount "120"]
[EventDate "2016.03.19"]
[EventType "swiss"]
[EventRounds "9"]
[EventCountry "GER"]
[SourceTitle "EXT 2018"]
[Source "ChessBase"]
[SourceDate "2017.10.13"]
[SourceVersion "1"]
[SourceVersionDate "2017.10.13"]
[SourceQuality "1"]

1. d4 Nf6 2. c4 e6 3. Nc3 Bb4 4. Qc2 c5 5. dxc5 Na6 6. a3 Bxc3+ 7. Qxc3 Nxc5 8. f3 0-0 9. b4 Na4 10. Qb3 Nb6 11. c5 Nbd5 12. Nh3 b6 13. e4 Ne7 14. cxb6 axb6 15. Bb2 d5 16. e5 Nd7 17. Bd3 Ng6 18. Bxg6 Qh4+ 19. Nf2 fxg6 20. 0-0 Ba6 21. Rfe1 Bc4 22. Qe3 b5 23. Nh3 h6 24. Rad1 g5 25. Rd4 Qh5 26. Nf2 Qg6 27. Rd2 Rf4 28. Kh1 Raf8 29. Nh3 R4f5 30. Bd4 g4 31. Ng1 h5 32. Rdd1 R8f7 33. fxg4 hxg4 34. Ne2 Nf8 35. Ng3 Rf4 36. Bb2 Nh7 37. Bc1 Rf2 38. Qb6 Nf8 39. Be3 Ra2 40. Ra1 Rxa1 41. Rxa1 Kh7 42. Qd8 Nd7 43. a4 bxa4 44. Rxa4 Qb1+ 45. Bg1 Qe1 46. Qh4+ Kg8 47. Qxg4 Qxe5 48. h3 Rf4 49. Ra8+ Kh7 50. Qh5+ Qxh5 51. Nxh5 Rh4 52. Ra7 Bb5 53. Rb7 Bc6 54. Rc7 Bb5 55. g4 Rxh3+ 56. Kg2 Rb3 57. Bc5 e5 58. Ng3 Kg8 59. Rb7 Nxc5 60. bxc5 Bf1+ 0-1

[Event "Bremen-ch op"]
[Site "Bremen"]
[Date "2016.03.20"]
[Round "2"]
[White "Hochhuth, Arnd"]
[Black "Balazs, Balint"]
[Result "0-1"]
[WhiteElo "1882"]
[BlackElo "2101"]
[PlyCount "58"]
[EventDate "2016.03.19"]
[EventType "swiss"]
[EventRounds "9"]
[EventCountry "GER"]
[SourceTitle "EXT 2018"]
[Source "ChessBase"]
[SourceDate "2017.10.13"]
[SourceVersion "1"]
[SourceVersionDate "2017.10.13"]
[SourceQuality "1"]

1. Nf3 d5 2. g3 h5 3. d4 Nc6 4. Bg2 Bg4 5. c3 Qd7 6. Nbd2 0-0-0 7. 0-0 f6 8. Nh4 Qe8 9. h3 g5 10. hxg4 gxh4 11. e4 dxe4 12. gxh5 hxg3 13. fxg3 e5 14. Nxe4 exd4 15. Qg4+ Kb8 16. Qg6 Qe5 17. Rf5 Qe6 18. g4 Nce7 19. Ng5 Qxf5 20. Qxf5 Nxf5 21. Nf7 dxc3 22. Nxd8 Bc5+ 23. Kf1 Ngh6 24. Nxb7 Bb6 25. bxc3 Nxg4 26. Be4 Nge3+ 27. Bxe3 Ng3+ 28. Kg2 Nxe4 29. Bxb6 axb6 0-1

[Event "Bremen-ch op"]
[Site "Bremen"]
[Date "2016.03.19"]
[Round "1"]
[White "Peine, Olaf"]
[Black "Hochhuth, Arnd"]
[Result "0-1"]
[WhiteElo "1504"]
[BlackElo "1882"]
[PlyCount "38"]
[EventDate "2016.03.19"]
[EventType "swiss"]
[EventRounds "9"]
[EventCountry "GER"]
[SourceTitle "EXT 2018"]
[Source "ChessBase"]
[SourceDate "2017.10.13"]
[SourceVersion "1"]
[SourceVersionDate "2017.10.13"]
[SourceQuality "1"]

1. d4 Nf6 2. c4 g6 3. Nf3 Bg7 4. g3 0-0 5. Bg2 d6 6. Nc3 Nc6 7. a3 e5 8. dxe5 dxe5 9. Qxd8 Rxd8 10. 0-0 Be6 11. b3 e4 12. Ng5 Bf5 13. Ra2 Na5 14. Ngxe4 Nxe4 15. Nxe4 Nxb3 16. Bb2 Bxe4 17. Bxg7 Bxg2 18. Rb1 Be4 19. Rxb3 Rd1# 0-1